000 01320nam a22003017a 4500
003 OSt
005 20250404081535.0
008 240910b ||||| |||| 00| 0 eng d
040 _c0
082 _aDPer 621.317 Ie21 December 2022 v.37 n. 12 part 1&2.
100 _aGu, Peng
_eauthor.
_960580
245 _aA Shielding scheme with ferrite magnetic antennas for three-dimensional couplers in long range ipt system for hv insulator applications /
_cPeng Gu, Zhimin Liu, Yijie Wang, Jianwie Mai, Yuhao Zhuo, Jianxing Liu, and Dianguo Xu.
260 _aNew York ;
_bThe Institute of Electrical and Electronics Engineers, Inc.,
_cDecember 2022.
300 _avolume 37, pages 14862-14874,
_billustration.
500 _aIEEE Transactions on Power Electronics, v. 37 n. 12, pages 14862-14874, December 2022.
650 0 _aEfficiency optimization.
_966152
650 0 _asmart grid applications.
_966153
650 0 _athree-dimensional (3-D) coupler.
_966154
700 _aGu, Peng
_eauthor.
_960580
700 _aLiu, Zhimin.
_eauthor.
_960581
700 _aWang, Yijie.
_eauthor.
_960582
700 _aMai, Jianwie.
_eauthor.
_960583
700 _aZhuo, Yuhao.
_eauthor.
_960584
700 _aLiu, Jianxing.
_eauthor.
_960585
700 _aXu, Dianguo.
_eauthor.
_960586
700 _eauthor.
_960587
942 _2ddc
_cPER
999 _c21456
_d21456